000 00802nam a22002897a 4500
001 BR7804358
003 BR-BrBNA
005 20230928085643.0
007 ta
008 230509b bl.||||| |||| 00| 0 por d
040 _aBR-BrBNA
_bpor
_cBiblioteca Nacional de Agricultura
041 _a(Por)
072 _aE70
_b/G514
090 _ E70 BR7804358
100 1 _aMoreira, B.F.
110 1 _aEscola Superior de Guerra, Rio de Janeiro, RJ (Brasil)
_94406
245 1 _aAs perspectivas do comercio exterior brasileiro
260 3 _aRio de Janeiro, RJ (Brasil):
_c1978.
300 _a83 p.
650 _aComercializacao
650 _aComercio exterior
650 _aPolitica comercial
650 _aImportacao
650 _aExportacao
909 _a202309
_bLucia
_c55
_dLucia Elande
942 _cBK
999 _c25606
_d25606